000 01160nam a2200265Ia 4500
003 OSt
005 20210427142923.0
008 210310s1945 mx gr 000 0 spa d
020 _a0
040 _aCO-JMCR
_cCO-JMCR
041 0 _aspa
082 0 4 _a335.41 /
_bD633e
_223
100 1 _aDobb, Maurice,
_eautor
_92560
245 1 0 _aEconomía política y capitalismo /
_cMaurice Dobb ; versión en español, Emigdio Martínez Adame
250 _aPrimera edición
260 _aMéxico :
_bFondo de cultura económica,
_c1945.
300 _b357 páginas ;
_c21 cm.
490 _aPánuco ;
_v63.
505 0 _aRequisitos de una teoría del valor. -- La economía política clásica. -- La economía política clásica y Marx. -- Las crisis económicas. -- La tendencia de la economía moderna. -- Fricciones y expectativas: algunas tendencias recientes de la teoría económica. -- Imperialismo. -- El problema de la ley económica en una economía socialista.
650 1 4 _aEconomía política.
_925915
650 2 4 _aSocialismo.
_937202
650 2 4 _aCapitalismo.
_937203
700 1 _aMartínez Adame, Emigdio,
_etraductor
_92562
942 _2ddc
_cBK
999 _c11585
_d11585